Pembangunan perindustrian di Malaysia : perkembangan dan permasalahan

Bibliographic Details
Main Author: MOHA Asri Abdullsah
Format: Book
Published: Sshah alam, Selangor : Fajar Bakti , 1997
Subjects:

MARC

LEADER 00000cam a2200000 7i4500
001 0000000016
005 20000622.0
020 0 0 |a 9676541176 
090 0 0 |a 338.9595   |b MOH 1997 
100 0 0 |a MOHA Asri Abdullsah 
245 1 0 |a Pembangunan perindustrian di Malaysia :   |b perkembangan dan permasalahan   |c Moha Asri Abdullah 
260 0 0 |a Sshah alam, Selangor :   |b Fajar Bakti ,   |c 1997 
300 |a vi, 267 p. ;   |c 23 cm. 
650 0 0 |a Industrialization   |z Malaysia 
999 |a 0000000999   |b Monograph   |c Open Shelf   |e Default branch